| 000 | 00368nam a22001457a 4500 | ||
|---|---|---|---|
| 020 | _a81-7301-225-3 | ||
| 082 |
_a823 _bDRE/K |
||
| 100 | _aDREAMLAND | ||
| 245 |
_aAESOP'S FABLES: THE KING BRUCE AND THE SPIDER _bAESOP'S FAVLES |
||
| 260 |
_aDELHI _bDREAMLAND |
||
| 300 | _a16 | ||
| 520 | _aENGLISH SHORT STORIES | ||
| 650 |
_aENGLISH SHORT STORIES _zDELHI |
||
| 942 | _cBK | ||
| 999 |
_c5095 _d5095 |
||